000 00589nam a2200181Ia 4500
005 20250508154319.0
008 008 250505s9999 xx 000 0 eng d
037 _aTextual
040 _aFEDL
_beng
_cFEDL
041 _aeng
_2eng
084 _a060.2, UNE
_qFEDL
245 0 _aHandbook of International exchanges
245 0 _cUnited Nations Educational Scientific and Cultural Organization
260 _aParis, France
_bUnited Nations Educational Scientific and Cultural Organization
_c1965
300 _a861p
942 _cTEXL
_h060.2, UNE
999 _c1349537
_d1349537